00297nam a22000977a 4500008004100000082001300041100002600054245007000080260004000150300000900190230619b xxu||||| |||| 00| 0 eng d a100bCAS cCarothers, John Colin aAn Essay On ManbAn Introduction to a Philosophy of Human Culture aLondonbYale University Pressc1944 a237p